The encyclopedia atlas of the human body : a visual guide to the human body

Bibliographic Details
Format: Book
Published: New Delhi : CBS Publishers &b Distributors , 2005
Subjects:

MARC

LEADER 00000cam a2200000 7i4500
001 0000205657
005 20161007.0
020 |a 9788123912080 
090 0 0 |a 612   |b ENC 
245 1 0 |a The encyclopedia atlas of the human body :   |b a visual guide to the human body 
260 |a New Delhi :   |b CBS Publishers &b Distributors ,   |c 2005 
300 |a 528p. ;   |c 30cm+.   |e 1 compact disc 
650 0 0 |a Body, Human   |x Encyclopedias 
650 0 0 |a Human anatomy   |x Encyclopedias 
650 0 0 |a Human physiology   |x Encyclopedias 
999 |a 00331311   |b BUKU   |c PINJAMAN   |e PERPUSTAKAAN KOMUNITI PETALING JAYA 
999 |a 00331312   |b BUKU   |c RUJUKAN   |e PERPUSTAKAAN KOMUNITI PETALING JAYA